01712nam a2200373 i 4500001001000000003000900010005001700019007000300036008004100039040003000080041000800110082002300118100004800141245008200189264005200271300004500323336002700368337003300395338002800428504003500456590002600491650002000517650004400537650004300581650003900624910003700663942001400700952012300714952012300837952012300960952011701083952012301200999001501323000008125DO-SdBNP20260225130902.0ta090915s1977 dr a 000 0 spa d aDO-SdBNPbspacBNPHUerda aspa 4a305.235bM828d2221 aA. Morales, H. Alfredo,eautor4aut.92205813aEl desafío de ser joven :breflexiones educativas /cH. Alfredo A. Morales. 1aSanto Domingo :beditor no identificado,c1977. a249 páginas :bilustraciones ;c19 cm. atextobtxt2rdacontent asin mediaciónbn2rdamedia avolumenbnc2rdacarrier aBibliografía : páginas 249 aInventariado, 2018/VM 4aJuventud922059 4aEducación para la vida familiar92729 4aAutorrealización (Psicología)9211 7aConducta de vida 2LIBRUNAM911947 aValidado. Control de calidad MFF 2ddccLBS1 00102ddc53708DSaBNPHUbBNPHUcHDd2011-02-17oBNPHU DS 305.235 M828dp8125-40r2020-06-25te. 3w2020-06-25yLBS1 00102ddc56708DSaBNPHUbBNPHUcHDd2011-02-17oBNPHU DS 305.235 M828dp8125-50r2020-06-25te. 4w2020-06-25yLBS1 00102ddc56708DSaBNPHUbBNPHUcHDd2011-02-18oBNPHU DS 305.235 M828dp8125-60r2020-06-25te. 5w2020-06-25yLBS1 00102ddc53708PDaBNPHUbBNPHUcHDd2009-09-15oBNPHU PD 305.235 M828dp8125-10r2020-06-25w2020-06-25yLBS1 00102ddc53708PDaBNPHUbBNPHUcHDd2011-02-17oBNPHU PD 305.235 M828dp8125-30r2020-06-25te. 2w2020-06-25yLBS1 c7902d7902